<?xml version="1.0" encoding="UTF-8"?><?xml-stylesheet type="text/xsl" href="static/style.xsl"?><OAI-PMH xmlns="http://www.openarchives.org/OAI/2.0/" xmlns:xsi="http://www.w3.org/2001/XMLSchema-instance" xsi:schemaLocation="http://www.openarchives.org/OAI/2.0/ http://www.openarchives.org/OAI/2.0/OAI-PMH.xsd"><responseDate>2026-06-07T16:21:50Z</responseDate><request verb="GetRecord" identifier="oai:docta.ucm.es:20.500.14352/130558" metadataPrefix="marc">https://docta.ucm.es/rest/oai/request</request><GetRecord><record><header><identifier>oai:docta.ucm.es:20.500.14352/130558</identifier><datestamp>2026-01-20T01:01:52Z</datestamp><setSpec>com_20.500.14352_14</setSpec><setSpec>col_20.500.14352_15</setSpec></header><metadata><record xmlns="http://www.loc.gov/MARC21/slim" xmlns:dcterms="http://purl.org/dc/terms/" xmlns:xsi="http://www.w3.org/2001/XMLSchema-instance" xmlns:doc="http://www.lyncode.com/xoai" xsi:schemaLocation="http://www.loc.gov/MARC21/slim http://www.loc.gov/standards/marcxml/schema/MARC21slim.xsd">
   <leader>00925njm 22002777a 4500</leader>
   <datafield ind2=" " ind1=" " tag="042">
      <subfield code="a">dc</subfield>
   </datafield>
   <datafield ind2=" " ind1=" " tag="720">
      <subfield code="a">Alonso Moreno, María del Pilar</subfield>
      <subfield code="e">author</subfield>
   </datafield>
   <datafield ind2=" " ind1=" " tag="720">
      <subfield code="a">Ortiz Sánchez, Paula</subfield>
      <subfield code="e">author</subfield>
   </datafield>
   <datafield ind2=" " ind1=" " tag="720">
      <subfield code="a">Ortega, Javier</subfield>
      <subfield code="e">author</subfield>
   </datafield>
   <datafield ind2=" " ind1=" " tag="720">
      <subfield code="a">Velasco, Carlos</subfield>
      <subfield code="e">author</subfield>
   </datafield>
   <datafield ind2=" " ind1=" " tag="720">
      <subfield code="a">López, Alba</subfield>
      <subfield code="e">author</subfield>
   </datafield>
   <datafield ind2=" " ind1=" " tag="720">
      <subfield code="a">Bezos Garrido, Javier</subfield>
      <subfield code="e">author</subfield>
   </datafield>
   <datafield ind2=" " ind1=" " tag="720">
      <subfield code="a">Izquierdo García, José Luis</subfield>
      <subfield code="e">author</subfield>
   </datafield>
   <datafield ind2=" " ind1=" " tag="260">
      <subfield code="c">2025</subfield>
   </datafield>
   <datafield ind2=" " ind1=" " tag="520">
      <subfield code="a">Goats represent a significant reservoir for tuberculosis (TB) in animals, contributing notably to public and animal health challenges, causing economic repercussions. Ante mortem diagnosis of TB is hindered by the limited sensitivity of available techniques and false-positive results from other mycobacterial infections, such as paratuberculosis (PTB). Nuclear Magnetic Resonance (NMR)-based metabolomics provides unique fingerprinting of the disease's metabolic status, making it a promising diagnostic tool. However, conventional high-resolution NMR has limitations in veterinary practice, where high costs and large equipment size are major constraints. Benchtop NMR spectrometer is proposed as a compact, cost-effective alternative for livestock farms. The study aimed to evaluate NMR-based metabolomics as a diagnostic tool and transfer it from high-resolution to benchtop NMR spectrometers in an animal setting. Serum samples from TB-infected, PTB-infected (n = 16), and healthy control goats (HC) were analyzed by both high-resolution and benchtop NMR spectroscopy. Multivariate statistical analysis successfully differentiated groups on the basis of their metabolic profiles with both spectrometers. We identified that betaine, glucose, glycerol, and lactate are significantly capable of distinguishing between the three groups. Additionally, 3-hydroxybutyrate, creatine, glutamate, leucine, lysine, phenylalanine, threonine, and tyrosine further differentiate TB from HC. Acetate, creatine, glutamate, isoleucine, leucine, and lysine distinguish TB from PTB, while 3-hydroxybutyrate and phenylalanine serve to differentiate PTB from HC. Analyses with both high-resolution and benchtop spectrometers demonstrated high sensitivity and accuracy and reliable metabolite identification. These findings highlight NMR's spectroscopy potential to identify biomarkers associated with TB and PTB infection, improving health management in livestock</subfield>
   </datafield>
   <datafield ind1="8" ind2=" " tag="024">
      <subfield code="a">Alonso-Moreno, P., Ortiz, P., Ortega, J., Velasco, C., López, A., Bezos, J., &amp; Izquierdo-Garcia, J. L. (2025). Metabolomic signatures of tuberculosis and paratuberculosis in goats revealed by high-resolution and benchtop NMR spectroscopy. Veterinary research, 57(1), 11. https://doi.org/10.1186/s13567-025-01686-7</subfield>
   </datafield>
   <datafield ind1="8" ind2=" " tag="024">
      <subfield code="a">0928-4249</subfield>
   </datafield>
   <datafield ind1="8" ind2=" " tag="024">
      <subfield code="a">10.1186/s13567-025-01686-7</subfield>
   </datafield>
   <datafield ind1="8" ind2=" " tag="024">
      <subfield code="a">https://hdl.handle.net/20.500.14352/130558</subfield>
   </datafield>
   <datafield ind1="8" ind2=" " tag="024">
      <subfield code="a">1297-9716</subfield>
   </datafield>
   <datafield ind1="8" ind2=" " tag="024">
      <subfield code="a">https://doi.org/10.1186/s13567-025-01686-7</subfield>
   </datafield>
   <datafield ind1="8" ind2=" " tag="024">
      <subfield code="a">41388555</subfield>
   </datafield>
   <datafield ind2="0" ind1="0" tag="245">
      <subfield code="a">Metabolomic signatures of tuberculosis and paratuberculosis in goats revealed by high-resolution and benchtop NMR spectroscopy</subfield>
   </datafield>
</record></metadata></record></GetRecord></OAI-PMH>